| 000 | 00000nas 2200000za 4500 |
| 001 | 9.813585 |
| 003 | CaOODSP |
| 005 | 20251021093720 |
| 007 | cr ||||||||||| |
| 008 | 160322c20149999oncar p os f0 |0fre|d |
| 022 | |a2562-8755|y1925-380X |
| 040 | |aCaOODSP|bfre |
| 043 | |an-cn--- |
| 086 | 1 |aA71-42F-PDF |
| 245 | 00|aAperçu statistique de l'industrie ornementale du Canada |h[ressource électronique] / |crédigé par Section des analyses et des renseignements sur les marchés, Division de l'horticulture et des enjeux pan sectoriels, Agriculture et Agroalimentaire Canada. |
| 246 | 13|aAperçu statistique de l'industrie canadienne de l'horticulture ornementale|f2020- |
| 260 | |aOttawa : |bAgriculture et Agroalimentaire Canada, |cc2014 - |
| 310 | |aAnnuel |
| 362 | 1 |aParaît depuis 2013. |
| 500 | |aPublié aussi en anglais sous le titre : Statistical overview of the Canadian ornamental industry. |
| 692 | 07|2gccst|aPlante ornementale |
| 692 | 07|2gccst|aStatistiques de l'agriculture |
| 710 | 1 |aCanada. |bAgriculture et agroalimentaire Canada. |bSection des analyses et des renseignements sur les marchés. |
| 775 | 08|tStatistical overview of the Canadian ornamental industry |w(CaOODSP)9.813584 |